日本陸軍 歌詞 - Statistics

General Stats
  • This quiz has been taken 4 times
  • The average score is 10 of 30
Answer Stats
Answer % Correct
天に代わりて不義を討つ
100%
忠勇無双の我が兵は
67%
歓呼の声に送られて
67%
今ぞ出で立つ父母の国
67%
誓う心の勇ましさ
67%
或いは草に伏し隠れ
67%
或いは水に飛び入りて
67%
視察し帰る斥候兵
67%
肩に懸れる一軍の
67%
身に浴びながら橋かけて
67%
勝たつば生きて還らじと
33%
万死恐れず敵情を
33%
安危はいかに重からん
33%
道なき方に道をつけ
33%
雨と散り来る弾丸を
33%
我が軍渡す工兵の
33%
功労何にか譬うべき
33%
銃取る歩兵扶けつつ
33%
敵の鉄道打ちこぼし
0%
鍬取る工兵扶けつつ
0%
敵を沈黙せしめたる
0%
我が軍隊の砲弾は
0%
放つに当たらぬ方もなく
0%
その声天地に轟けり
0%
一斉射撃の銃先に
0%
敵の気力を怯ませて
0%
鉄条網もものかはと
0%
躍り越えたる塁上に
0%
立てし誉れの日章旗
0%
みな我が歩兵の働きぞ
0%
No matching quizzes found
Score Distribution
Percent of People with Each Score
Percentile by Number Answered
Your Score History
You have not taken this quiz